Don't Tap The Glass Song Quiz - Statistics

General Stats
  • This quiz has been taken 7 times
  • The average score is 8 of 10
Answer Stats
Hint Answer % Correct
Song #1 Big Poe
100%
Song #7 Don't Tap The Glass/Tweakin
83%
Song #8 Don't You Worry Baby
83%
Song #9 I'll Take Care Of You
83%
Song #3 Sucka Free
83%
Song #2 Sugar On My Tongue
83%
Song #4 Mommanem
67%
Song #6 Ring Ring Ring
67%
Song #5 Stop Playing With Me
67%
Song #10 Tell Me What It Is
50%
No matching quizzes found
Score Distribution
Percent of People with Each Score
Percentile by Number Answered
Your Score History
You have not taken this quiz